[Event "Bundesliga 9495"]
[Site "Deutschland"]
[Date "1995.??.??"]
[Round "?.2"]
[White "Teske, Henrik"]
[Black "Siegel, Georg"]
[Result "1/2-1/2"]
[WhiteElo "2465"]
[BlackElo "2505"]
[PlyCount "196"]
[EventDate "1994.10.??"]
[EventType "team"]
[EventRounds "15"]
[EventCountry "GER"]
[SourceTitle "Bundesliga 9495"]
[Source "DeepChess"]
[SourceDate "2005.01.01"]
[SourceVersion "1"]
[SourceVersionDate "2005.01.01"]
[SourceQuality "1"]
[WhiteTeam "Post SV Dresden"]
[BlackTeam "SK Zaehringen 1921"]
[WhiteTeamCountry "GER"]
[BlackTeamCountry "GER"]

1. d4 d5 2. Nf3 Nf6 3. c4 e6 4. g3 Bb4+ 5. Nbd2 dxc4 6. Bg2 O-O 7. Qc2 c5 8.
dxc5 Bxc5 9. O-O Nbd7 10. Nxc4 Qe7 11. a3 a5 12. Bd2 a4 13. Rac1 b6 14. Nfe5
Nd5 15. Nc6 Qf6 16. e4 Nc7 17. Bf4 e5 18. N6xe5 Ne6 19. Nxd7 Bxd7 20. e5 Qd8
21. Qd2 Nd4 22. Rc3 Bb5 23. Re1 Ra7 24. Nd6 Rd7 25. Bh3 Bc6 26. Qd1 Ne6 27. Rd3
Nxf4 28. gxf4 Qh4 29. Qd2 Rdd8 30. Bg2 Bxg2 31. Kxg2 Rd7 32. Re4 g6 33. Rxa4
Qg4+ 34. Rg3 Qe6 35. Rd3 Rfd8 36. h3 f6 37. Qc3 fxe5 38. fxe5 Bxd6 39. exd6
Rxd6 40. Rxd6 Qxd6 41. Re4 Qd5 42. Qc4 b5 43. Qxd5+ Rxd5 44. Kf3 Kf7 45. Ke3 g5
46. Rd4 Re5+ 47. Kd3 Rf5 48. Rd7+ Kg6 49. Rd6+ Kh5 50. Ke3 Re5+ 51. Kf3 Rf5+
52. Kg3 h6 53. Kg2 Rc5 54. Rb6 Rd5 55. Kf1 Re5 56. Kg2 Rd5 57. Kf1 Re5 58. Rd6
Rc5 59. Ke2 Re5+ 60. Kd2 Rf5 61. Ke3 Re5+ 62. Kf3 Rf5+ 63. Kg2 Re5 64. Rd3 Re2
65. Rb3 Re5 66. Rb4 Rd5 67. Kf3 Rf5+ 68. Ke3 Rc5 69. b3 Rf5 70. Rd4 Rf8 71. a4
bxa4 72. bxa4 Re8+ 73. Re4 Rb8 74. Rd4 Re8+ 75. Kd3 Rf8 76. Ke2 Re8+ 77. Kf1
Ra8 78. Kg2 Ra6 79. Kg3 Ra7 80. Re4 Ra6 81. Kf3 Ra8 82. Kg3 Ra7 83. f4 Rc7 84.
Rb4 Rc3+ 85. Kg2 Rc2+ 86. Kf3 Rc3+ 87. Ke4 gxf4 88. Kxf4 Rxh3 89. Rb5+ Kg6 90.
Rb6+ Kh5 91. a5 Ra3 92. a6 Ra4+ 93. Kf5 Ra5+ 94. Ke6 Kg4 95. Kd7 h5 96. Kc6 h4
97. Kb7 h3 98. a7 h2 1/2-1/2

[Event "Bundesliga 9495"]
[Site "Deutschland"]
[Date "1995.??.??"]
[Round "?.3"]
[White "Roos, Daniel"]
[Black "Lanka, Zigurds"]
[Result "0-1"]
[WhiteElo "2450"]
[BlackElo "2510"]
[PlyCount "68"]
[EventDate "1994.10.??"]
[EventType "team"]
[EventRounds "15"]
[EventCountry "GER"]
[SourceTitle "Bundesliga 9495"]
[Source "DeepChess"]
[SourceDate "2005.01.01"]
[SourceVersion "1"]
[SourceVersionDate "2005.01.01"]
[SourceQuality "1"]
[WhiteTeam "SK Zaehringen 1921"]
[BlackTeam "Post SV Dresden"]
[WhiteTeamCountry "GER"]
[BlackTeamCountry "GER"]

1. c4 Nf6 2. Nc3 g6 3. g3 Bg7 4. Bg2 O-O 5. d3 d6 6. Rb1 a5 7. e3 c6 8. Nge2 e5
9. O-O Na6 10. a3 Re8 11. h3 d5 12. cxd5 cxd5 13. d4 e4 14. Bd2 h5 15. Rc1 Nc7
16. Qb3 Ne6 17. Na4 b5 18. Nc5 Ng5 19. Nf4 Nf3+ 20. Bxf3 exf3 21. h4 Rb8 22.
Rfe1 Bf8 23. Qc3 b4 24. axb4 axb4 25. Qd3 Bf5 26. Qa6 Ne4 27. Red1 Bh6 28. Ncd3
Bd7 29. Bxb4 Bb5 30. Qa5 Qd7 31. Kh2 Bxf4 32. exf4 Bxd3 33. Rxd3 Nxf2 34. Rxf3
Qh3+ 0-1

[Event "Bundesliga 9495"]
[Site "Deutschland"]
[Date "1995.??.??"]
[Round "?.5"]
[White "Maier, Christian"]
[Black "Maiwald, Jens Uwe"]
[Result "1/2-1/2"]
[WhiteElo "2360"]
[BlackElo "2455"]
[PlyCount "86"]
[EventDate "1994.10.??"]
[EventType "team"]
[EventRounds "15"]
[EventCountry "GER"]
[SourceTitle "Bundesliga 9495"]
[Source "DeepChess"]
[SourceDate "2005.01.01"]
[SourceVersion "1"]
[SourceVersionDate "2005.01.01"]
[SourceQuality "1"]
[WhiteTeam "SK Zaehringen 1921"]
[BlackTeam "Post SV Dresden"]
[WhiteTeamCountry "GER"]
[BlackTeamCountry "GER"]

1. e4 c5 2. c3 e6 3. d4 d5 4. e5 Nc6 5. Nf3 Qb6 6. a3 c4 7. Nbd2 f6 8. exf6
Nxf6 9. g3 Bd6 10. Bg2 O-O 11. O-O e5 12. dxe5 Bxe5 13. Nxe5 Nxe5 14. h3 Bf5
15. Nf3 Nxf3+ 16. Qxf3 Bd3 17. Re1 Rae8 18. Rxe8 Rxe8 19. Qd1 Re2 20. Be3 Qxb2
21. Bd4 Rd2 22. Qe1 Ne4 23. Bf3 a6 24. Bg4 Kf7 25. Kg2 g6 26. Rd1 h5 27. Bf3
Rxd1 28. Qxd1 Qb1 29. Qa4 Nf6 30. Qa5 Bf1+ 31. Kh2 Qf5 32. Qc7+ Nd7 33. Qf4 Ke6
34. Qe3+ Ne5 35. Bxe5 Qxe5 36. Qb6+ Qd6 37. Qxb7 Bd3 38. Qc8+ Kf7 39. Qb7+ Ke6
40. Qg7 Qb6 41. Kg2 Qb1 42. Qg8+ Ke7 43. Qg7+ Ke6 1/2-1/2

[Event "Bundesliga 9495"]
[Site "Deutschland"]
[Date "1995.??.??"]
[Round "?.6"]
[White "Kaminski, Uwe"]
[Black "Schuh, Hubert"]
[Result "1-0"]
[WhiteElo "2390"]
[BlackElo "2345"]
[PlyCount "49"]
[EventDate "1994.10.??"]
[EventType "team"]
[EventRounds "15"]
[EventCountry "GER"]
[SourceTitle "Bundesliga 9495"]
[Source "DeepChess"]
[SourceDate "2005.01.01"]
[SourceVersion "1"]
[SourceVersionDate "2005.01.01"]
[SourceQuality "1"]
[WhiteTeam "Post SV Dresden"]
[BlackTeam "SK Zaehringen 1921"]
[WhiteTeamCountry "GER"]
[BlackTeamCountry "GER"]

1. e4 c5 2. Nf3 e6 3. Nc3 d6 4. d4 cxd4 5. Nxd4 Nf6 6. g4 h6 7. h4 a6 8. Rg1 d5
9. exd5 Nxd5 10. Nxd5 Qxd5 11. Be3 Be7 12. Qd3 Bxh4 13. O-O-O Qxa2 14. Nb3 Bf6
15. Bd4 Bg5+ 16. f4 Bxf4+ 17. Be3 Bxe3+ 18. Qxe3 Qa4 19. g5 Nd7 20. gxh6 gxh6
21. Bh3 Qc6 22. Nd4 Qc5 23. Bxe6 Ne5 24. Bxf7+ Kxf7 25. Qf4+ 1-0

[Event "Bundesliga 9495"]
[Site "Deutschland"]
[Date "1995.??.??"]
[Round "?.7"]
[White "Vatter, Hans Joachim"]
[Black "Andresen, Steffen"]
[Result "0-1"]
[WhiteElo "2345"]
[BlackElo "2395"]
[PlyCount "112"]
[EventDate "1994.10.??"]
[EventType "team"]
[EventRounds "15"]
[EventCountry "GER"]
[SourceTitle "Bundesliga 9495"]
[Source "DeepChess"]
[SourceDate "2005.01.01"]
[SourceVersion "1"]
[SourceVersionDate "2005.01.01"]
[SourceQuality "1"]
[WhiteTeam "SK Zaehringen 1921"]
[BlackTeam "Post SV Dresden"]
[WhiteTeamCountry "GER"]
[BlackTeamCountry "GER"]

1. e4 c5 2. Nf3 Nc6 3. Bb5 d6 4. Bxc6+ bxc6 5. O-O d5 6. d3 Nf6 7. Qe2 e6 8. b3
Be7 9. Bb2 O-O 10. Nbd2 Nd7 11. h3 Nb6 12. a4 a5 13. Ne5 Qc7 14. Rae1 f6 15.
Ng4 Rf7 16. f4 c4 17. dxc4 dxc4 18. Rf3 Bc5+ 19. Kh1 Ba6 20. Qd1 Rd8 21. Qc1
Bb4 22. c3 Bf8 23. Qc2 Rfd7 24. Nxc4 Nxc4 25. bxc4 Rd2 26. Qc1 Bxc4 27. Ne3 Bb3
28. Ba3 c5 29. c4 Bxa4 30. f5 Bc6 31. fxe6 Bxe4 32. Nd5 R2xd5 33. cxd5 Bxf3 34.
gxf3 Qg3 35. Qd1 Bd6 36. Qe2 Qxh3+ 37. Kg1 Qg3+ 38. Kf1 Qh3+ 39. Kg1 Qg3+ 40.
Kf1 Re8 41. Rb1 h5 42. Rb7 Be7 43. Rb5 Qg5 44. Qe4 Qd2 45. Bxc5 f5 46. Qxf5
Qd1+ 47. Kf2 Bxc5+ 48. Rxc5 Qd4+ 49. Kg3 Qxc5 50. Qe5 a4 51. f4 Qg1+ 52. Kf3
Qf1+ 53. Ke4 Qe2+ 54. Kd4 Qb2+ 55. Kc5 Qxe5 56. fxe5 Kf8 0-1

[Event "Bundesliga 9495"]
[Site "Deutschland"]
[Date "1995.??.??"]
[Round "?.8"]
[White "Heinatz, Thomas"]
[Black "Weidemann, Joerg"]
[Result "1-0"]
[WhiteElo "2360"]
[BlackElo "2295"]
[PlyCount "67"]
[EventDate "1994.10.??"]
[EventType "team"]
[EventRounds "15"]
[EventCountry "GER"]
[SourceTitle "Bundesliga 9495"]
[Source "DeepChess"]
[SourceDate "2005.01.01"]
[SourceVersion "1"]
[SourceVersionDate "2005.01.01"]
[SourceQuality "1"]
[WhiteTeam "Post SV Dresden"]
[BlackTeam "SK Zaehringen 1921"]
[WhiteTeamCountry "GER"]
[BlackTeamCountry "GER"]

1. e4 c5 2. Nf3 Nc6 3. d4 cxd4 4. Nxd4 g6 5. c4 Nf6 6. Nc3 Nxd4 7. Qxd4 d6 8.
Be2 Bg7 9. Bg5 O-O 10. Qe3 Re8 11. O-O Ng4 12. Qg3 h6 13. Bd2 Nf6 14. Rad1 Be6
15. b3 Qc8 16. Bd3 Nh5 17. Qe3 Qc5 18. Qe1 Rac8 19. Nb5 Bg4 20. Be3 Qe5 21. f3
Bd7 22. f4 Qf6 23. Nxa7 Ra8 24. Qf2 Qc3 25. Nb5 Bxb5 26. cxb5 Ra3 27. e5 Qc8
28. Bc4 Rf8 29. Bd4 Qa8 30. Rd2 b6 31. exd6 exd6 32. f5 g5 33. f6 Bh8 34. Qf5
1-0

[Event "Bundesliga 9495"]
[Site "Deutschland"]
[Date "1995.??.??"]
[Round "?.1"]
[White "Zude, Arno"]
[Black "Bologan, Viktor"]
[Result "0-1"]
[WhiteElo "2430"]
[BlackElo "2540"]
[PlyCount "90"]
[EventDate "1994.10.??"]
[EventType "team"]
[EventRounds "15"]
[EventCountry "GER"]
[SourceTitle "Bundesliga 9495"]
[Source "DeepChess"]
[SourceDate "2005.01.01"]
[SourceVersion "1"]
[SourceVersionDate "2005.01.01"]
[SourceQuality "1"]
[WhiteTeam "SV 1920 Hofheim"]
[BlackTeam "Post SV Dresden"]
[WhiteTeamCountry "GER"]
[BlackTeamCountry "GER"]

1. e4 g6 2. d4 Bg7 3. Nc3 c6 4. Be3 Qb6 5. Na4 Qa5+ 6. c3 d6 7. b4 Qc7 8. Nf3
Nf6 9. Bd3 O-O 10. O-O Nbd7 11. Qc2 b6 12. Nb2 c5 13. bxc5 bxc5 14. Nc4 d5 15.
exd5 Nxd5 16. Rab1 Rb8 17. Qd2 Ba6 18. Rbc1 Rbd8 19. Rfe1 Nxe3 20. Qxe3 e6 21.
Red1 Nf6 22. Nfe5 Nd5 23. Qg3 Bh6 24. Nd2 Bf4 25. Qh4 Bb7 26. Nef3 Bxd2 27.
Nxd2 Nf4 28. Bf1 f6 29. Re1 Kg7 30. Ne4 g5 31. Qg4 Bxe4 32. Rxe4 cxd4 33. g3
Ng6 34. Qxe6 d3 35. Rc4 Qa5 36. Rd1 Rfe8 37. Qc6 Re7 38. Ra4 Qf5 39. Bg2 d2 40.
Be4 Qe5 41. Bf3 Rc7 42. Qe4 Qxc3 43. Ra6 Re7 44. Qf5 Qe5 45. Qc2 Qb5 0-1

[Event "Bundesliga 9495"]
[Site "Deutschland"]
[Date "1995.??.??"]
[Round "?.2"]
[White "Teske, Henrik"]
[Black "Pirrot, Dieter"]
[Result "0-1"]
[WhiteElo "2465"]
[BlackElo "2395"]
[PlyCount "52"]
[EventDate "1994.10.??"]
[EventType "team"]
[EventRounds "15"]
[EventCountry "GER"]
[SourceTitle "Bundesliga 9495"]
[Source "DeepChess"]
[SourceDate "2005.01.01"]
[SourceVersion "1"]
[SourceVersionDate "2005.01.01"]
[SourceQuality "1"]
[WhiteTeam "Post SV Dresden"]
[BlackTeam "SV 1920 Hofheim"]
[WhiteTeamCountry "GER"]
[BlackTeamCountry "GER"]

1. d4 Nf6 2. c4 g6 3. Nc3 Bg7 4. e4 d6 5. g3 O-O 6. Bg2 e5 7. Nge2 c6 8. O-O
Nbd7 9. b3 Re8 10. Bb2 a5 11. Qc2 exd4 12. Nxd4 Nc5 13. Rfd1 Qb6 14. Rab1 Bg4
15. f3 Bd7 16. Qf2 a4 17. Bc1 axb3 18. axb3 d5 19. b4 Na4 20. Nxa4 Rxa4 21. Qc2
c5 22. Nb3 Rxb4 23. Bf1 Ba4 24. Ba3 Bxb3 25. Qf2 Bxd1 26. Bxb4 Nxe4 0-1

[Event "Bundesliga 9495"]
[Site "Deutschland"]
[Date "1995.??.??"]
[Round "?.3"]
[White "Rechel, Bernd"]
[Black "Lanka, Zigurds"]
[Result "1-0"]
[WhiteElo "2410"]
[BlackElo "2510"]
[PlyCount "160"]
[EventDate "1994.10.??"]
[EventType "team"]
[EventRounds "15"]
[EventCountry "GER"]
[SourceTitle "Bundesliga 9495"]
[Source "DeepChess"]
[SourceDate "2005.01.01"]
[SourceVersion "1"]
[SourceVersionDate "2005.01.01"]
[SourceQuality "1"]
[WhiteTeam "SV 1920 Hofheim"]
[BlackTeam "Post SV Dresden"]
[WhiteTeamCountry "GER"]
[BlackTeamCountry "GER"]

1. e4 c5 2. Nf3 Nc6 3. d4 cxd4 4. Nxd4 Nf6 5. Nc3 d6 6. Bg5 e6 7. Qd2 a6 8.
O-O-O h6 9. Be3 Qc7 10. f4 Bd7 11. h3 b5 12. Bxb5 axb5 13. Ndxb5 Qb8 14. Nxd6+
Bxd6 15. Qxd6 Qxd6 16. Rxd6 Na5 17. Rd4 Rc8 18. e5 Nd5 19. Nxd5 exd5 20. Rxd5
Bf5 21. Rc5 O-O 22. g4 Be4 23. Re1 Nb7 24. Rxc8 Rxc8 25. c3 Bg2 26. h4 Bd5 27.
Bd4 Bxa2 28. b4 Bc4 29. Kb2 Ra8 30. Ra1 Rxa1 31. Kxa1 Kf8 32. Kb2 Ke7 33. f5 g6
34. fxg6 fxg6 35. Be3 h5 36. gxh5 gxh5 37. Ka3 Ke6 38. Ka4 Kxe5 39. b5 Nd6 40.
b6 Kd5 41. Bf4 Nb7 42. Kb4 Ba6 43. Bh2 Kc6 44. Bc7 Nc5 45. Bh2 Be2 46. Bg1 Nd7
47. Ka5 Nf6 48. Bf2 Nd5 49. Bd4 Bf1 50. Ka4 Nxb6+ 51. Kb3 Nc4 52. Kb4 Nd6 53.
Bf6 Kd5 54. Bd4 Be2 55. Bf6 Nc8 56. Bd8 Na7 57. Kb3 Nc6 58. Bg5 Bc4+ 59. Kc2
Ke4 60. Kb2 Kd3 61. Bf6 Be6 62. Ka3 Kc4 63. Kb2 Na5 64. Be5 Bf5 65. Bh8 Nb3 66.
Bg7 Nc5 67. Ka3 Bc2 68. Kb2 Bb3 69. Kc1 Ne4 70. Kb2 Nf2 71. Kc1 Ba4 72. Bh8 Kd3
73. Kb2 Nd1+ 74. Ka3 Be8 75. Kb4 Bf7 76. Bg7 Ne3 77. Kb5 Bc4+ 78. Kc5 Nd5 79.
Kd6 Nxc3 80. Ke5 Ne2 1-0

[Event "Bundesliga 9495"]
[Site "Deutschland"]
[Date "1995.??.??"]
[Round "?.4"]
[White "Uhlmann, Wolfgang"]
[Black "Reschke, Stefan"]
[Result "1/2-1/2"]
[WhiteElo "2470"]
[BlackElo "2405"]
[PlyCount "75"]
[EventDate "1994.10.??"]
[EventType "team"]
[EventRounds "15"]
[EventCountry "GER"]
[SourceTitle "Bundesliga 9495"]
[Source "DeepChess"]
[SourceDate "2005.01.01"]
[SourceVersion "1"]
[SourceVersionDate "2005.01.01"]
[SourceQuality "1"]
[WhiteTeam "Post SV Dresden"]
[BlackTeam "SV 1920 Hofheim"]
[WhiteTeamCountry "GER"]
[BlackTeamCountry "GER"]

1. c4 Nf6 2. Nc3 g6 3. e4 d6 4. d4 Bg7 5. Be2 O-O 6. Bg5 Na6 7. Qc2 e5 8. dxe5
dxe5 9. Rd1 Qe8 10. Nd5 Qe6 11. Bxf6 Bxf6 12. Bg4 Qc6 13. Bxc8 Raxc8 14. b4 Qe6
15. Nf3 Bd8 16. Qc3 c6 17. Ne3 f6 18. O-O Be7 19. a3 Nc7 20. Rd2 Rfd8 21. Rfd1
Rxd2 22. Rxd2 Rd8 23. Ne1 Kf7 24. Rxd8 Bxd8 25. Qd3 Ke8 26. c5 Qd7 27. Nc4 Qxd3
28. Nxd3 Kd7 29. h4 Nb5 30. g4 Nc3 31. f3 b6 32. Kf2 Na4 33. cxb6 axb6 34. g5
fxg5 35. Ncxe5+ Kc7 36. hxg5 Bxg5 37. f4 Be7 38. Ke3 1/2-1/2

[Event "Bundesliga 9495"]
[Site "Deutschland"]
[Date "1995.??.??"]
[Round "?.5"]
[White "Schmitzer, Klaus"]
[Black "Maiwald, Jens Uwe"]
[Result "0-1"]
[WhiteElo "2355"]
[BlackElo "2455"]
[PlyCount "86"]
[EventDate "1994.10.??"]
[EventType "team"]
[EventRounds "15"]
[EventCountry "GER"]
[SourceTitle "Bundesliga 9495"]
[Source "DeepChess"]
[SourceDate "2005.01.01"]
[SourceVersion "1"]
[SourceVersionDate "2005.01.01"]
[SourceQuality "1"]
[WhiteTeam "SV 1920 Hofheim"]
[BlackTeam "Post SV Dresden"]
[WhiteTeamCountry "GER"]
[BlackTeamCountry "GER"]

1. d4 Nf6 2. c4 d6 3. Nc3 Nbd7 4. e4 e5 5. Nf3 Be7 6. Be2 O-O 7. O-O c6 8. Re1
a6 9. Qc2 b5 10. b4 Bb7 11. a3 Re8 12. Bd2 exd4 13. Nxd4 Ne5 14. cxb5 cxb5 15.
a4 bxa4 16. b5 Qb6 17. Nf5 Neg4 18. Ne3 Nxe3 19. Bxe3 Qc7 20. b6 Qc8 21. Bd3
Qe6 22. Rxa4 Rec8 23. Rb1 Ng4 24. Bd4 Bf6 25. Bxf6 Qxf6 26. Rc4 Qf4 27. g3 Qh6
28. f4 Rxc4 29. Bxc4 Rc8 30. Bd5 Rxc3 31. Qe2 Qf6 32. Bxb7 Qd4+ 33. Kh1 Ne3 34.
Qb2 d5 35. Bxd5 Nxd5 36. exd5 Qe4+ 37. Kg1 Rc2 38. Qxc2 Qxc2 39. Re1 Qc5+ 40.
Kf1 Qb5+ 41. Re2 Kf8 42. d6 Qb1+ 43. Kg2 Qxb6 0-1

[Event "Bundesliga 9495"]
[Site "Deutschland"]
[Date "1995.??.??"]
[Round "?.6"]
[White "Kaminski, Uwe"]
[Black "Buchal, Stephan"]
[Result "1/2-1/2"]
[WhiteElo "2390"]
[BlackElo "2355"]
[PlyCount "47"]
[EventDate "1994.10.??"]
[EventType "team"]
[EventRounds "15"]
[EventCountry "GER"]
[SourceTitle "Bundesliga 9495"]
[Source "DeepChess"]
[SourceDate "2005.01.01"]
[SourceVersion "1"]
[SourceVersionDate "2005.01.01"]
[SourceQuality "1"]
[WhiteTeam "Post SV Dresden"]
[BlackTeam "SV 1920 Hofheim"]
[WhiteTeamCountry "GER"]
[BlackTeamCountry "GER"]

1. e4 g6 2. d4 Bg7 3. Nf3 d6 4. h3 Nf6 5. Nc3 O-O 6. Be3 Na6 7. Bc4 Nxe4 8.
Nxe4 d5 9. Bd3 dxe4 10. Bxe4 c5 11. c3 cxd4 12. cxd4 Bf5 13. Bxf5 Qa5+ 14. Qd2
Qxf5 15. O-O Rac8 16. Rac1 Qd5 17. a3 Nb8 18. Bh6 Nd7 19. Bxg7 Kxg7 20. Rfe1 e6
21. Re3 Nb6 22. Re5 Rxc1+ 23. Qxc1 Rc8 24. Qxc8 1/2-1/2

[Event "Bundesliga 9495"]
[Site "Deutschland"]
[Date "1995.??.??"]
[Round "?.8"]
[White "Wegener, Dirk"]
[Black "Rechel, Ralf"]
[Result "0-1"]
[WhiteElo "2325"]
[BlackElo "2145"]
[PlyCount "73"]
[EventDate "1994.10.??"]
[EventType "team"]
[EventRounds "15"]
[EventCountry "GER"]
[SourceTitle "Bundesliga 9495"]
[Source "DeepChess"]
[SourceDate "2005.01.01"]
[SourceVersion "1"]
[SourceVersionDate "2005.01.01"]
[SourceQuality "1"]
[WhiteTeam "Post SV Dresden"]
[BlackTeam "SV 1920 Hofheim"]
[WhiteTeamCountry "GER"]
[BlackTeamCountry "GER"]

1. e4 e6 2. d4 d5 3. Nc3 Bb4 4. e5 c5 5. a3 Bxc3+ 6. bxc3 Ne7 7. h4 Qc7 8. Nf3
Nbc6 9. h5 h6 10. Bd3 Bd7 11. O-O c4 12. Be2 O-O-O 13. a4 g6 14. Nh2 Ng8 15.
hxg6 fxg6 16. Ba3 Be8 17. Qd2 Nce7 18. a5 g5 19. f4 Bg6 20. Bc5 Nc6 21. Bg4 Qd7
22. fxg5 hxg5 23. Bh3 Nh6 24. Rf6 Bf5 25. Bxf5 Nxf5 26. Qf2 g4 27. g3 Rh3 28.
Rxf5 exf5 29. Nf1 Rdh8 30. Qf4 Nd8 31. a6 Rh1+ 32. Kf2 b6 33. Bd6 R8h7 34. Rb1
Ne6 35. Qe3 Qa4 36. Rc1 Qxa6 37. Kg2 $138 0-1

[Event "Bundesliga 9495"]
[Site "Deutschland"]
[Date "1995.??.??"]
[Round "?.2"]
[White "King, Daniel J"]
[Black "Teske, Henrik"]
[Result "0-1"]
[WhiteElo "2500"]
[BlackElo "2465"]
[PlyCount "74"]
[EventDate "1994.10.??"]
[EventType "team"]
[EventRounds "15"]
[EventCountry "GER"]
[SourceTitle "Bundesliga 9495"]
[Source "DeepChess"]
[SourceDate "2005.01.01"]
[SourceVersion "1"]
[SourceVersionDate "2005.01.01"]
[SourceQuality "1"]
[WhiteTeam "SV Castrop Rauxel 1923"]
[BlackTeam "Post SV Dresden"]
[WhiteTeamCountry "GER"]
[BlackTeamCountry "GER"]

1. g3 Nf6 2. Bg2 d5 3. Nf3 e6 4. O-O Be7 5. d4 O-O 6. c4 b6 7. cxd5 exd5 8. Ne5
Bb7 9. Qa4 c5 10. Nc3 cxd4 11. Qxd4 Nbd7 12. Bf4 Re8 13. Qd2 Bb4 14. Nd3 Ne4
15. Bxe4 Bxc3 16. Bxh7+ Kxh7 17. bxc3 Rc8 18. Be3 Nf6 19. Bd4 Ne4 20. Qf4 f6
21. Rac1 Qd7 22. h4 Rc4 23. Qf3 Kg8 24. Nf4 Nd2 25. Qh5 Nxf1 26. Rxf1 Ra4 27.
Ng6 Rxa2 28. Qh8+ Kf7 29. Qh5 Ke6 30. Rd1 Kd6 31. Nf4 Kc7 32. Qg6 Ba6 33. Be3
Bc4 34. Nxd5+ Bxd5 35. c4 Qf7 36. Qf5 Bc6 37. c5 b5 0-1

[Event "Bundesliga 9495"]
[Site "Deutschland"]
[Date "1995.??.??"]
[Round "?.3"]
[White "Lanka, Zigurds"]
[Black "Hoffmann, Michael"]
[Result "1/2-1/2"]
[WhiteElo "2510"]
[BlackElo "2475"]
[PlyCount "84"]
[EventDate "1994.10.??"]
[EventType "team"]
[EventRounds "15"]
[EventCountry "GER"]
[SourceTitle "Bundesliga 9495"]
[Source "DeepChess"]
[SourceDate "2005.01.01"]
[SourceVersion "1"]
[SourceVersionDate "2005.01.01"]
[SourceQuality "1"]
[WhiteTeam "Post SV Dresden"]
[BlackTeam "SV Castrop Rauxel 1923"]
[WhiteTeamCountry "GER"]
[BlackTeamCountry "GER"]

1. e4 c5 2. Nf3 d6 3. d4 cxd4 4. Nxd4 Nf6 5. Nc3 g6 6. Be3 Bg7 7. f3 Nc6 8. Bc4
O-O 9. Bb3 Bd7 10. h4 Rc8 11. Nxc6 bxc6 12. h5 Nxh5 13. g4 Nf6 14. Qe2 Qa5 15.
O-O-O Be6 16. Kb1 Rfd8 17. Bh6 Bxb3 18. axb3 Bxh6 19. Rxh6 Qg5 20. Rh3 e5 21.
Qa6 Rc7 22. Rhh1 d5 23. Rd3 Kg7 24. Rhd1 d4 25. Qa5 Rcd7 26. Na4 Rb8 27. Qa6
Rc7 28. Qa5 Rd7 29. Qa6 h5 30. gxh5 Nxh5 31. Qxc6 Qe7 32. R3d2 Nf4 33. Rh2 Rc7
34. Qa6 Rh8 35. Rxh8 Kxh8 36. Qa5 Kg7 37. b4 Rc8 38. Nc5 Rh8 39. Nd3 Nxd3 40.
Rxd3 Rh1+ 41. Ka2 Rh2 42. Kb3 Rf2 1/2-1/2

[Event "Bundesliga 9495"]
[Site "Deutschland"]
[Date "1995.??.??"]
[Round "?.4"]
[White "Libeau, Rene"]
[Black "Uhlmann, Wolfgang"]
[Result "0-1"]
[WhiteElo "2470"]
[BlackElo "2470"]
[PlyCount "90"]
[EventDate "1994.10.??"]
[EventType "team"]
[EventRounds "15"]
[EventCountry "GER"]
[SourceTitle "Bundesliga 9495"]
[Source "DeepChess"]
[SourceDate "2005.01.01"]
[SourceVersion "1"]
[SourceVersionDate "2005.01.01"]
[SourceQuality "1"]
[WhiteTeam "SV Castrop Rauxel 1923"]
[BlackTeam "Post SV Dresden"]
[WhiteTeamCountry "GER"]
[BlackTeamCountry "GER"]

1. e4 e6 2. d4 d5 3. Nc3 Bb4 4. e5 c5 5. a3 Bxc3+ 6. bxc3 Ne7 7. Qg4 O-O 8. Bd3
Nbc6 9. Bg5 Qa5 10. Ne2 Ng6 11. O-O Qa4 12. f4 c4 13. Bxg6 fxg6 14. Ra2 b5 15.
Bh4 Bd7 16. Qg3 Qa6 17. Rb1 Rab8 18. Qe1 Rb6 19. Raa1 Rfb8 20. Qd2 Qc8 21. g4
Qf8 22. Rf1 R8b7 23. Qe3 Bc8 24. Rf3 Rf7 25. Raf1 Ne7 26. Ng3 Ra6 27. Qc1 h6
28. Kg2 Nc6 29. Qe3 Qe8 30. Qc1 Bd7 31. R1f2 Ne7 32. Nf1 Nc8 33. Ng3 Qf8 34.
Qf1 Ne7 35. Qc1 Kh7 36. Qe3 Nc8 37. Ne2 Qxa3 38. f5 exf5 39. gxf5 Bxf5 40. Rxf5
Rxf5 41. Rxf5 gxf5 42. e6 Qd6 43. Nf4 Ne7 44. Bxe7 Qxe7 45. Qe5 Rd6 0-1

[Event "Bundesliga 9495"]
[Site "Deutschland"]
[Date "1995.??.??"]
[Round "?.5"]
[White "Maiwald, Jens Uwe"]
[Black "Appel, Ralf"]
[Result "1/2-1/2"]
[WhiteElo "2455"]
[BlackElo "2430"]
[PlyCount "98"]
[EventDate "1994.10.??"]
[EventType "team"]
[EventRounds "15"]
[EventCountry "GER"]
[SourceTitle "Bundesliga 9495"]
[Source "DeepChess"]
[SourceDate "2005.01.01"]
[SourceVersion "1"]
[SourceVersionDate "2005.01.01"]
[SourceQuality "1"]
[WhiteTeam "Post SV Dresden"]
[BlackTeam "SV Castrop Rauxel 1923"]
[WhiteTeamCountry "GER"]
[BlackTeamCountry "GER"]

1. Nf3 Nf6 2. d4 e6 3. g3 c5 4. Bg2 Qa5+ 5. Nbd2 cxd4 6. O-O Qc7 7. Nxd4 a6 8.
c4 Be7 9. b3 O-O 10. Bb2 d6 11. e3 Nc6 12. Qe2 Bd7 13. e4 Rac8 14. Rfd1 Nxd4
15. Bxd4 e5 16. Bb2 b5 17. Rac1 Qb6 18. h3 Be6 19. cxb5 axb5 20. a3 b4 21. a4
Nd7 22. Bf1 Nc5 23. Qe3 Qb7 24. f4 Bd8 25. Kh2 Bb6 26. a5 Ba7 27. Qf3 d5 28. a6
Qb6 29. Bg2 d4 30. f5 Bd7 31. Nc4 Qf6 32. Nxe5 Qxe5 33. Bxd4 Qe7 34. f6 Qe6 35.
Qe3 Qxb3 36. Qxb3 Nxb3 37. Bxa7 Rxc1 38. Rxd7 Ra1 39. e5 Rxa6 40. Bd5 Na5 41.
Bc5 gxf6 42. Bxf8 Kxf8 43. Rxf7+ Ke8 44. Rxh7 fxe5 45. Rh5 b3 46. Rxe5+ Kf8 47.
Rf5+ Ke7 48. Rf7+ Ke8 49. Rf1 Rd6 1/2-1/2

[Event "Bundesliga 9495"]
[Site "Deutschland"]
[Date "1995.??.??"]
[Round "?.6"]
[White "Dinstuhl, Volkmar"]
[Black "Kaminski, Uwe"]
[Result "1-0"]
[WhiteElo "2350"]
[BlackElo "2390"]
[PlyCount "91"]
[EventDate "1994.10.??"]
[EventType "team"]
[EventRounds "15"]
[EventCountry "GER"]
[SourceTitle "Bundesliga 9495"]
[Source "DeepChess"]
[SourceDate "2005.01.01"]
[SourceVersion "1"]
[SourceVersionDate "2005.01.01"]
[SourceQuality "1"]
[WhiteTeam "SV Castrop Rauxel 1923"]
[BlackTeam "Post SV Dresden"]
[WhiteTeamCountry "GER"]
[BlackTeamCountry "GER"]

1. d4 Nf6 2. c4 g6 3. Nc3 Bg7 4. e4 d6 5. f3 O-O 6. Bg5 Nbd7 7. Qd2 a6 8. Nge2
Rb8 9. Bh6 b5 10. h4 e5 11. Bxg7 Kxg7 12. h5 Qe7 13. hxg6 fxg6 14. O-O-O c6 15.
Ng3 Ng8 16. Kb1 Nb6 17. cxb5 axb5 18. Rc1 b4 19. Nd1 c5 20. dxc5 dxc5 21. Qc2
Qg5 22. Qf2 Rf7 23. Rxc5 b3 24. a3 Rd7 25. Ne3 Na4 26. Rd5 Ne7 27. Rxd7 Bxd7
28. Bc4 Nb6 29. Bxb3 Nc6 30. Rc1 Nd4 31. Bd1 Ba4 32. Ne2 Qd8 33. Nc3 Bxd1 34.
Rxd1 Qe8 35. Qh4 Rb7 36. Ng4 Nd7 37. Qh6+ Kh8 38. Rh1 Qf7 39. Nd5 Nc6 40. Rc1
Na7 41. Qg5 h5 42. Nxe5 Nxe5 43. Qxe5+ Kh7 44. Nf6+ Kh6 45. g4 Rb5 46. g5+ 1-0